| 000 | 00000nem 2200000zi 4500 |
| 001 | 9.947103 |
| 003 | CaOODSP |
| 005 | 20250801130406 |
| 006 | m o d f |
| 007 | ad aznzn |
| 008 | 250120t20082008onc e fo 0 fre d |
| 020 | |z0660623005 |q(incorrect) |
| 034 | 0 |aa |
| 040 | |aCaOODSP|bfre|erda|cCaOODSP |
| 041 | 0 |aeng|afre |
| 043 | |an-cn-bc|an-us-wa|apn----- |
| 086 | 1 |aFs72-22/2008-PDF|zFs72-22/2003 |
| 245 | 00|aCurrent atlas : |bJuan de Fuca Strait to Strait of Georgia = Atlas des courants : Juan de Fuca Strait à Strait of Georgia. |
| 246 | 11|aAtlas des courants : |bJuan de Fuca Strait à Strait of Georgia |
| 250 | |aÉdition 2008. |
| 255 | |aÉchelle non donnée. |
| 264 | 1|a[Ottawa] : |bFisheries and Oceans Canada = Pêches et océans Canada, |c[2008] |
| 264 | 4|c©2008 |
| 300 | |a1 ressource en ligne (1 atlas (212 pages)) : |billustrations, cartes |
| 336 | |aimage cartographique|bcri|2rdacontent/fre |
| 336 | |atexte|btxt|2rdacontent/fre |
| 337 | |ainformatique|bc|2rdamedia/fre |
| 338 | |aressource en ligne|bcr|2rdacarrier/fre |
| 500 | |a« L'édition 2008, … » -- Verso de la page de titre. |
| 500 | |a« Publiées avec l'autorisation du Service hydrographique du Canada … » -- Verso de la page de titre. |
| 500 | |aÉdition numérisée de l'imprimée [par Direction des publications du gouvernement du Canada]. |
| 546 | |aTexte en anglais et en français. |
| 650 | 6|aCourants de marée|zJuan de Fuca, Détroit de (C.-B. et Wash.)|vCartes. |
| 650 | 6|aCourants de marée|zGéorgie, Détroit de (C.-B. et Wash.)|vCartes. |
| 650 | 6|aCartes nautiques|zJuan de Fuca, Détroit de (C.-B. et Wash.) |
| 650 | 6|aCartes nautiques|zGéorgie, Détroit de (C.-B. et Wash.) |
| 655 | 7|aAtlas|2rvmgf |
| 655 | 7|aCartes nautiques|2rvmgf |
| 655 | 7|aCartes géographiques|2rvmgf |
| 710 | 2 |aService hydrographique du Canada, |eorganisme de publication. |
| 776 | 0#|tAtlas des courants - Juan de Fuca Strait à Strait of Georgia |w(CaOODSP)9.672054 |
| 788 | |tCurrent atlas : |eeng|w(CaOODSP)9.947100 |
| 856 | 40|qPDF|s208.00 Mo|uhttps://publications.gc.ca/collections/collection_2025/mpo-dfo/Fs72-22-2008.pdf |